[Event "Chigorin Memorial 28th"]
[Site "St Petersburg"]
[Date "2021.10.25"]
[Round "3"]
[White "Khripachenko, Alexander"]
[Black "Vunder, Andrei"]
[Result "1-0"]
[WhiteElo "2282"]
[BlackElo "2035"]
[PlyCount "101"]
[EventDate "2021.10.23"]
[EventType "swiss"]
[EventRounds "9"]
[EventCountry "RUS"]
[SourceTitle "EXT 2023"]
[Source "ChessBase"]
[SourceDate "2022.10.05"]
[SourceVersion "1"]
[SourceVersionDate "2022.10.05"]
[SourceQuality "1"]

1. e4 e6 2. d4 d5 3. Nd2 dxe4 4. Nxe4 Nd7 5. Nf3 Ngf6 6. Nxf6+ Nxf6 7. g3 b6 8. Bg2 Bb7 9. 0-0 Bd6 10. c4 0-0 11. b3 a5 12. a4 Qc8 13. Bb2 Rd8 14. Qe2 Be4 15. Rac1 Qb7 16. Rfe1 Bb4 17. Red1 Be7 18. Ne1 Bxg2 19. Nxg2 Re8 20. Nf4 Rad8 21. Rc3 Bd6 22. Rf3 Ne4 23. Re3 f5 24. f3 Ng5 25. Nxe6 Rxe6 26. Rxe6 Nxf3+ 27. Kf2 Ng5 28. Re8+ Kf7 29. Rxd8 Nh3+ 30. Ke1 Bb4+ 31. Rd2 Qh1+ 32. Qf1 Bxd2+ 33. Ke2 Qxh2+ 34. Kd1 Ke7 35. Rd5 f4 36. Re5+ Kd7 37. Re2 Qxg3 38. Rxd2 f3 39. c5 f2 40. cxb6 Qg1 41. Rxf2 Nxf2+ 42. Ke2 Qg4+ 43. Kxf2 Qf5+ 44. Kg1 Qg4+ 45. Kh2 cxb6 46. Qb5+ Kc7 47. Qe5+ Kb7 48. d5 Qh4+ 49. Kg2 Qg4+ 50. Kf2 Qh4+ 51. Qg3 1-0

[Event "Chigorin Memorial 28th"]
[Site "St Petersburg"]
[Date "2021.10.24"]
[Round "2"]
[White "Vunder, Andrei"]
[Black "Strybuk, Artsiom I"]
[Result "1/2-1/2"]
[WhiteElo "2035"]
[BlackElo "2231"]
[PlyCount "81"]
[EventDate "2021.10.23"]
[EventType "swiss"]
[EventRounds "9"]
[EventCountry "RUS"]
[SourceTitle "EXT 2023"]
[Source "ChessBase"]
[SourceDate "2022.10.05"]
[SourceVersion "1"]
[SourceVersionDate "2022.10.05"]
[SourceQuality "1"]

1. d4 Nf6 2. Nf3 g6 3. Bg5 Bg7 4. c3 0-0 5. Nbd2 d5 6. e3 Nbd7 7. Be2 Re8 8. 0-0 e5 9. Bh4 e4 10. Ne1 Nf8 11. c4 c6 12. Rc1 Be6 13. Nc2 Qd7 14. Na3 Bg4 15. Bxg4 Nxg4 16. cxd5 cxd5 17. Qb3 Rac8 18. Nb5 Ne6 19. Bg3 Rc6 20. Nxa7 Rxc1 21. Rxc1 Bxd4 22. Nb5 Nc5 23. Qb4 Nd3 24. Qxd4 Nxc1 25. Nc3 Qc6 26. Ndb1 Nd3 27. h3 Nf6 28. Bh4 Re5 29. f4 Re6 30. Bxf6 Rxf6 31. Nxd5 Qc1+ 32. Kh2 Re6 33. Nbc3 Qxb2 34. Nc7 Ne1 35. Qd8+ Kg7 36. Nxe6+ fxe6 37. Qe7+ Kg8 38. Qe8+ Kg7 39. Qe7+ Kg8 40. Qe8+ Kg7 41. Qe7+ 1/2-1/2

[Event "Chigorin Memorial 27th"]
[Site "St Petersburg"]
[Date "2019.10.07"]
[Round "3"]
[White "Vunder, Andrei"]
[Black "Soloviev, Mikhail2222"]
[Result "1-0"]
[WhiteElo "2027"]
[BlackElo "1704"]
[PlyCount "41"]
[EventDate "2019.10.05"]
[EventType "swiss"]
[EventRounds "9"]
[EventCountry "RUS"]
[SourceTitle "EXT 2020"]
[Source "ChessBase"]
[SourceDate "2019.10.17"]
[SourceVersion "1"]
[SourceVersionDate "2019.10.17"]
[SourceQuality "1"]

1. d4 Nf6 2. Nf3 e6 3. Bg5 Be7 4. Nbd2 d5 5. e3 0-0 6. Bd3 Nbd7 7. 0-0 b6 8. c4 Bb7 9. Rc1 Ne4 10. Bxe7 Qxe7 11. cxd5 Nxd2 12. Qxd2 Bxd5 13. e4 Bb7 14. Rxc7 Bc8 15. Rfc1 Qd8 16. Qg5 f6 17. Qg3 g6 18. Qd6 Re8 19. Ba6 Nf8 20. Qxd8 Rxd8 21. Rxc8 1-0

[Event "St Petersburg Korchnoi Memorial op"]
[Site "St Petersburg"]
[Date "2019.08.20"]
[Round "7"]
[White "Vunder, Andrei"]
[Black "Galkin, Leonid1111"]
[Result "0-1"]
[WhiteElo "2039"]
[BlackElo "1751"]
[PlyCount "70"]
[EventDate "2019.08.14"]
[EventType "swiss"]
[EventRounds "9"]
[EventCountry "RUS"]
[SourceTitle "CBM 192"]
[Source "ChessBase"]
[SourceDate "2019.10.31"]
[SourceVersion "1"]
[SourceVersionDate "2019.10.31"]
[SourceQuality "1"]

1. d4 Nf6 2. Nf3 g6 3. c4 Bg7 4. Nc3 0-0 5. Bg5 c5 6. d5 d6 7. e3 h6 8. Bh4 g5 9. Bg3 Nh5 10. Qc2 f5 11. Bd3 e5 12. dxe6 Bxe6 13. 0-0 Nc6 14. a3 Qd7 15. Rad1 Nxg3 16. hxg3 Qf7 17. Nb5 Rad8 18. b3 a6 19. Nc3 b5 20. Nb1 b4 21. a4 Qf6 22. Be2 Qb2 23. Qxb2 Bxb2 24. Rd2 Bf6 25. Rfd1 Be7 26. Ne1 f4 27. gxf4 gxf4 28. Bf3 fxe3 29. fxe3 Ne5 30. Bd5 Bxd5 31. Rxd5 Ng4 32. Nc2 Bh4 33. Rxd6 Bf2+ 34. Kh1 Rxd6 35. Rxd6 Bg3 0-1

[Event "St Petersburg Korchnoi Memorial op"]
[Site "St Petersburg"]
[Date "2018.08.18"]
[Round "4"]
[White "Tran, Minh Thang"]
[Black "Vunder, Andrei"]
[Result "1-0"]
[WhiteElo "2335"]
[BlackElo "2101"]
[PlyCount "161"]
[EventDate "2018.08.15"]
[EventType "swiss"]
[EventRounds "9"]
[EventCountry "RUS"]
[SourceTitle "CBM 186 Extra"]
[Source "ChessBase"]
[SourceDate "2018.08.24"]
[SourceVersion "1"]
[SourceVersionDate "2018.08.24"]
[SourceQuality "1"]

1. d4 d5 2. Bf4 Nf6 3. e3 c5 4. Nd2 Nc6 5. Ngf3 cxd4 6. exd4 Bf5 7. c3 e6 8. Ne5 Bd6 9. Qb3 Qc7 10. Ndf3 0-0 11. Be2 Nd7 12. Nxd7 Qxd7 13. Bxd6 Qxd6 14. 0-0 Rab8 15. Nh4 Be4 16. f3 Qf4 17. g3 Qe3+ 18. Rf2 Bg6 19. Ng2 Qg5 20. a4 Qd8 21. Nf4 a6 22. Qa3 Re8 23. Bf1 Qc7 24. Kg2 Rbd8 25. Qc5 e5 26. dxe5 Rxe5 27. Nxg6 hxg6 28. Rd1 d4 29. Qc4 dxc3 30. Rxd8+ Qxd8 31. Qxc3 Qe7 32. Bxa6 Re3 33. Qc4 bxa6 34. Qxc6 Re6 35. Qc4 a5 36. Rc2 g5 37. Qb5 Re5 38. Rc8+ Kh7 39. Qd3+ g6 40. Qc3 Qe6 41. Rf8 Kg7 42. Rd8 Kh7 43. g4 Qe7 44. Rc8 Qe6 45. Kh3 Qa6 46. Rh8+ Kxh8 47. Qxe5+ Kg8 48. Kg2 Qd3 49. Qxa5 Qe2+ 50. Kg3 Qxb2 51. Qxg5 Qa1 52. Qf4 Qg1+ 53. Kh4 Qe1+ 54. Kg5 Qe7+ 55. Qf6 Qc5+ 56. Kh6 Qf8+ 57. Kg5 Qc5+ 58. Kh4 Qf2+ 59. Kh3 Qf1+ 60. Kg3 Qg1+ 61. Kf4 Qc1+ 62. Ke4 Qc2+ 63. Ke3 Qxa4 64. h4 Qb3+ 65. Kf2 Qc2+ 66. Kg3 Qc5 67. Qb2 Qd6+ 68. Kh3 Qf4 69. Qe2 Qc1 70. Qe8+ Kg7 71. Qe5+ Kg8 72. h5 Qg1 73. Qe8+ Kg7 74. h6+ Kf6 75. Qd8+ Ke6 76. Qd2 Qh1+ 77. Kg3 g5 78. Qe3+ Kd6 79. Qd3+ Ke6 80. Qf5+ Kd6 81. Qf6+ 1-0

[Event "St Petersburg Korchnoi Memorial op"]
[Site "St Petersburg"]
[Date "2018.08.15"]
[Round "1"]
[White "Vunder, Andrei"]
[Black "Zvjaginsev, Vadim"]
[Result "1/2-1/2"]
[WhiteElo "2101"]
[BlackElo "2643"]
[PlyCount "81"]
[EventDate "2018.08.15"]
[EventType "swiss"]
[EventRounds "9"]
[EventCountry "RUS"]
[SourceTitle "CBM 186 Extra"]
[Source "ChessBase"]
[SourceDate "2018.08.24"]
[SourceVersion "1"]
[SourceVersionDate "2018.08.24"]
[SourceQuality "1"]

1. d4 Nf6 2. Nf3 d6 3. c3 Nbd7 4. Nbd2 g6 5. e4 Bg7 6. Bd3 0-0 7. 0-0 Re8 8. Re1 e5 9. dxe5 Nxe5 10. Nxe5 Rxe5 11. Nf3 Bg4 12. h3 Bxf3 13. Qxf3 g5 14. Be3 c5 15. Qg3 h6 16. h4 Nh5 17. Qg4 gxh4 18. f4 Nf6 19. Qxh4 Re8 20. Bf2 Qd7 21. Rad1 Qg4 22. Qxg4 Nxg4 23. Bb5 Red8 24. Bh4 Bf6 25. Bxf6 Nxf6 26. Bc4 Kf8 27. Kf2 Rab8 28. a4 a6 29. a5 Rd7 30. Kf3 Re8 31. Bb3 Rb8 32. e5 dxe5 33. fxe5 Rxd1 34. Rxd1 Ng8 35. Rd7 Ne7 36. Bc4 Ke8 37. Rd6 Nc6 38. Ke4 Nxa5 39. Rxh6 Ke7 40. Bd5 Nc6 41. Rh7 1/2-1/2

[Event "Chigorin Memorial 25th"]
[Site "St Petersburg"]
[Date "2017.10.29"]
[Round "9"]
[White "Vunder, Andrei"]
[Black "Belenkaya, Dina"]
[Result "1/2-1/2"]
[WhiteElo "2161"]
[BlackElo "2346"]
[PlyCount "98"]
[EventDate "2017.10.21"]
[EventType "swiss"]
[EventRounds "9"]
[EventCountry "RUS"]
[SourceTitle "CBM 181 Extra"]
[Source "ChessBase"]
[SourceDate "2017.12.12"]
[SourceVersion "1"]
[SourceVersionDate "2017.12.12"]
[SourceQuality "1"]

1. d4 d5 2. Bf4 Nf6 3. e3 c5 4. Nf3 Nc6 5. Nbd2 cxd4 6. exd4 Qb6 7. Nb3 Bg4 8. Be2 e6 9. h3 Bh5 10. c3 Be7 11. Ne5 Bxe2 12. Qxe2 0-0 13. 0-0 Rad8 14. Rfe1 a5 15. Nc1 a4 16. a3 Ne4 17. Ncd3 Na5 18. f3 Nf6 19. Bg5 Rfe8 20. g4 Rc8 21. Kg2 Bd6 22. Rad1 Nc4 23. Bxf6 gxf6 24. Nxc4 Rxc4 25. Qd2 Kg7 26. Re2 Qc7 27. f4 h6 28. Rf1 Ra8 29. Kh1 Kh7 30. Qc2 Kh8 31. Qd2 Kh7 32. Qc2 Kg7 33. Qd2 b6 34. Qe1 Rh8 35. Rf3 Qb7 36. Qf1 Qb8 37. Qe1 h5 38. Qg3 Kf8 39. Qh4 Be7 40. g5 f5 41. Ne5 Rc7 42. Qe1 Rg8 43. Rg2 Bd6 44. Rfg3 Qe8 45. Qe2 Bxe5 46. Qxe5 Qe7 47. g6 f6 48. Qe2 Qd6 49. Rf2 Rh8 1/2-1/2

[Event "Chigorin Memorial 24th"]
[Site "St Petersburg"]
[Date "2016.10.17"]
[Round "3"]
[White "Stolyarsky, Yegor"]
[Black "Vunder, Andrei"]
[Result "1-0"]
[WhiteElo "1751"]
[BlackElo "2147"]
[PlyCount "107"]
[EventDate "2016.10.15"]
[EventType "swiss"]
[EventRounds "9"]
[EventCountry "RUS"]
[SourceTitle "CBM 175 Extra"]
[Source "ChessBase"]
[SourceDate "2016.12.12"]
[SourceVersion "1"]
[SourceVersionDate "2016.12.12"]
[SourceQuality "1"]

1. d4 d5 2. Nf3 Nf6 3. e3 Bf5 4. c4 e6 5. Nc3 c6 6. Nh4 Be4 7. f3 Bg6 8. Nxg6 hxg6 9. Qb3 Qc7 10. e4 dxc4 11. Bxc4 b5 12. Bxb5 cxb5 13. Nxb5 Qb6 14. Bf4 Na6 15. 0-0 Bb4 16. a3 Qxb5 17. axb4 0-0 18. Ra5 Qb6 19. Qc4 Qxb4 20. Qxb4 Nxb4 21. Bd6 Nc6 22. Rc5 Nxd4 23. Bxf8 Kxf8 24. Rd1 Rd8 25. Kf2 Rd7 26. e5 Ne8 27. Rc4 Rb7 28. Rcxd4 Rxb2+ 29. R1d2 Rxd2+ 30. Rxd2 Nc7 31. Rd7 Nb5 32. Rb7 a6 33. Rb8+ Ke7 34. Rb7+ Ke8 35. Ke3 Nc3 36. Kd4 Nb5+ 37. Kc5 g5 38. Rb6 g6 39. Rxa6 Nc3 40. Ra3 Nd5 41. Kd6 Kf8 42. Ra8+ Kg7 43. Ra5 Ne3 44. Ra4 Nxg2 45. Ke7 Ne3 46. Ke8 Nf5 47. Rg4 Nh4 48. f4 Nf3 49. Rg3 Nxh2 50. fxg5 Kg8 51. Ke7 Kg7 52. Re3 Kg8 53. Re4 Nf3 54. Kf6 1-0

[Event "Chigorin Memorial 24th"]
[Site "St Petersburg"]
[Date "2016.10.15"]
[Round "1"]
[White "Alekseev, Evgeny V"]
[Black "Vunder, Andrei"]
[Result "1-0"]
[WhiteElo "2636"]
[BlackElo "2147"]
[PlyCount "79"]
[EventDate "2016.10.15"]
[EventType "swiss"]
[EventRounds "9"]
[EventCountry "RUS"]
[SourceTitle "CBM 175 Extra"]
[Source "ChessBase"]
[SourceDate "2016.12.12"]
[SourceVersion "1"]
[SourceVersionDate "2016.12.12"]
[SourceQuality "1"]

1. Nf3 d5 2. e3 Nf6 3. c4 e6 4. b3 c5 5. Bb2 Nc6 6. cxd5 exd5 7. Bb5 Bd6 8. d4 0-0 9. dxc5 Bxc5 10. 0-0 Bg4 11. Nc3 Rc8 12. Rc1 Bd6 13. Be2 Bb8 14. Re1 Re8 15. Nd4 Qd6 16. g3 Bh3 17. Nxc6 bxc6 18. Bf3 Qd7 19. Na4 Qf5 20. Bxf6 Qxf6 21. Bg4 Bxg4 22. Qxg4 Bd6 23. Red1 Qe6 24. Qd4 Qe7 25. Rc2 h5 26. Kg2 Be5 27. Qd3 h4 28. Qf5 hxg3 29. hxg3 g6 30. Qg4 Kg7 31. Rdc1 Rh8 32. Nc5 f5 33. Qf3 Bd6 34. b4 Rhd8 35. a3 Qf7 36. Nb3 Qe8 37. Nd4 a5 38. Rxc6 axb4 39. Qxd5 Rxc6 40. Rxc6 1-0

[Event "St Petersburg Summer op"]
[Site "St Petersburg"]
[Date "2016.08.24"]
[Round "8"]
[White "Kolomensky, Vladimir"]
[Black "Vunder, Andrei"]
[Result "0-1"]
[WhiteElo "2196"]
[BlackElo "2138"]
[PlyCount "70"]
[EventDate "2016.08.17"]
[EventType "swiss"]
[EventRounds "9"]
[EventCountry "RUS"]
[SourceTitle "CBM 174 Extra"]
[Source "ChessBase"]
[SourceDate "2016.10.10"]
[SourceVersion "1"]
[SourceVersionDate "2016.10.10"]
[SourceQuality "1"]

1. e4 e6 2. d4 d5 3. Nd2 c5 4. exd5 exd5 5. Ngf3 Nf6 6. Bb5+ Bd7 7. Bxd7+ Nbxd7 8. 0-0 Be7 9. dxc5 Nxc5 10. Nb3 Nce4 11. Nfd4 Qd7 12. Qf3 0-0 13. Nf5 Bd8 14. Rd1 Rc8 15. c3 Re8 16. Be3 g6 17. Nh6+ Kg7 18. h3 a5 19. Nd4 b5 20. a3 Nd6 21. Ng4 Nxg4 22. hxg4 Nc4 23. Nc2 Ne5 24. Qxd5 Qxg4 25. Bd4 Bf6 26. Ne3 Qh5 27. Re1 Rcd8 28. Qb7 Nd7 29. Rad1 Bxd4 30. Rxd4 Nf6 31. Red1 Rxd4 32. Rxd4 Qe2 33. a4 bxa4 34. Rf4 Rxe3 35. Rxf6 Qd1+ 0-1

[Event "Chigorin Memorial 23rd"]
[Site "St Petersburg"]
[Date "2015.10.06"]
[Round "4"]
[White "Vunder, Andrei"]
[Black "Ivanov, Nikolay A"]
[Result "1-0"]
[WhiteElo "2192"]
[BlackElo "1895"]
[PlyCount "69"]
[EventDate "2015.10.03"]
[EventType "swiss"]
[EventRounds "9"]
[EventCountry "RUS"]
[SourceTitle "CBM 168 Extra"]
[Source "ChessBase"]
[SourceDate "2015.10.29"]
[SourceVersion "1"]
[SourceVersionDate "2015.10.29"]
[SourceQuality "1"]

1. d4 Nf6 2. Nf3 g6 3. c3 Bg7 4. Bg5 d5 5. Nbd2 0-0 6. e3 Nbd7 7. Be2 Re8 8. 0-0 c6 9. c4 h6 10. Bh4 Nf8 11. Rc1 Be6 12. Qb3 Qb6 13. Qa3 dxc4 14. Nxc4 Bxc4 15. Bxc4 e6 16. Rfd1 N8d7 17. Qd3 Nd5 18. e4 Nf4 19. Qd2 g5 20. Bg3 Ng6 21. Rc3 a6 22. Rd3 Rac8 23. b4 Nf6 24. Re1 Rcd8 25. h4 g4 26. Ne5 Nxe5 27. Bxe5 Nh5 28. Bxg7 Kxg7 29. e5 Qc7 30. Re4 f5 31. exf6+ Nxf6 32. Rf4 e5 33. Rxf6 Kxf6 34. Qxh6+ Kf5 35. Qg5+ 1-0

[Event "Chigorin Memorial 22nd"]
[Site "St Petersburg"]
[Date "2014.10.23"]
[Round "6"]
[White "Mishuchkov, Nikolai Mikhailovic"]
[Black "Vunder, Andrei"]
[Result "1-0"]
[WhiteElo "2310"]
[BlackElo "2181"]
[PlyCount "89"]
[EventDate "2014.10.18"]
[EventType "swiss"]
[EventRounds "9"]
[EventCountry "RUS"]
[SourceTitle "EXT 2015"]
[Source "ChessBase"]
[SourceDate "2014.11.20"]
[SourceVersion "1"]
[SourceVersionDate "2014.11.20"]
[SourceQuality "1"]

1. d4 d5 2. Nf3 Nf6 3. c4 e6 4. Nc3 c5 5. cxd5 cxd4 6. Nxd4 Nxd5 7. Ndb5 a6 8. Nxd5 exd5 9. Nd4 Be7 10. g3 0-0 11. Bg2 Bf6 12. 0-0 Nc6 13. Be3 Bg4 14. Re1 Re8 15. Qd2 Ne5 16. b3 Qd7 17. Rad1 Rac8 18. Bg5 Bxg5 19. Qxg5 h6 20. Qd2 Rcd8 21. Rc1 Bh3 22. Rc3 Bxg2 23. Kxg2 Rc8 24. Rec1 Ng6 25. Nf3 Rxc3 26. Rxc3 Ne5 27. Nd4 Rc8 28. Rxc8+ Qxc8 29. Qf4 Qe8 30. Qe3 Qe7 31. f4 Nc6 32. Qxe7 Nxe7 33. Kf3 Kf8 34. f5 Nc6 35. Nxc6 bxc6 36. e4 dxe4+ 37. Kxe4 Ke7 38. b4 h5 39. Ke5 Kd7 40. Kd4 Kd6 41. a4 g6 42. fxg6 fxg6 43. h4 Kd7 44. Kc5 Kc7 45. a5 1-0

[Event "Chigorin Memorial 22nd"]
[Site "St Petersburg"]
[Date "2014.10.21"]
[Round "4"]
[White "Sivuk, Vitaly"]
[Black "Vunder, Andrei"]
[Result "1/2-1/2"]
[WhiteElo "2523"]
[BlackElo "2181"]
[PlyCount "80"]
[EventDate "2014.10.18"]
[EventType "swiss"]
[EventRounds "9"]
[EventCountry "RUS"]
[SourceTitle "EXT 2015"]
[Source "ChessBase"]
[SourceDate "2014.11.20"]
[SourceVersion "1"]
[SourceVersionDate "2014.11.20"]
[SourceQuality "1"]

1. e4 c6 2. d4 d5 3. exd5 cxd5 4. c4 Nf6 5. Nc3 Nc6 6. Bg5 e6 7. Nf3 Be7 8. a3 0-0 9. c5 Ne4 10. Bxe7 Qxe7 11. Qc2 Nxc3 12. Qxc3 e5 13. dxe5 Bg4 14. Bb5 Bxf3 15. Qxf3 Nd4 16. Qd3 Qxe5+ 17. Kf1 Nxb5 18. Qxb5 Rfe8 19. h4 d4 20. Rh3 Rad8 21. Kg1 b6 22. Rd1 bxc5 23. b4 cxb4 24. Qxe5 Rxe5 25. axb4 Rb5 26. Ra3 Rd7 27. Ra4 d3 28. g3 Kf8 29. Rd2 Ke7 30. Kg2 Kd8 31. Kf3 Kc8 32. Ke3 Re5+ 33. Kf3 Kb7 34. Ra3 Red5 35. Ke3 Re7+ 36. Kf3 Red7 37. Ke3 Re7+ 38. Kf3 Red7 39. Ke3 Re7+ 40. Kf3 Red7 1/2-1/2